000 00948cab a2200277 4500
001 ABS57238
008 090401t1997 xxu||||| |||| 00| 0 eng d
035 _a(Sirsi) u79723
041 _aeng
100 _aBrewer, G.
245 _aWhen is the job finished?
260 _c1997
350 _a0
490 _aContract Journal
_v389(6133) 9 July 1997, 17(1)
520 _aIllustrates how the almost universally accepted procedure for completion of building and civil engineering works differs from the actual forms of contract, causing problems for the courts in resolving disputes.
650 _aBUILT ENVIRONMENT-BUILDING CONTRACT FORMS
650 _aCOMPLETION
650 _aDISPUTE RESOLUTION
_96236
650 _aFORMS OF CONTRACT
650 _aINTERPRETATION
650 _aPRACTICAL COMPLETION
650 _aSUBSTANTIAL COMPLETION
690 _aBUILT ENVIRONMENT-BUILDING CONTRACT FORMS
942 _n0
948 _c18/07/1997
999 _c50150
_d50150